[Event "Robecchetto Autumn op 8th"]
[Site "Robecchetto"]
[Date "2011.11.24"]
[Round "6"]
[White "Trenti, Alessandro"]
[Black "Turini, Gianluca"]
[Result "1/2-1/2"]
[WhiteElo "1641"]
[BlackElo "1837"]
[PlyCount "133"]
[EventDate "2011.10.20"]
[EventType "swiss"]
[EventRounds "7"]
[EventCountry "ITA"]
[SourceTitle "EXT 2024"]
[Source "ChessBase"]
[SourceDate "2023.10.10"]
[SourceVersion "1"]
[SourceVersionDate "2023.10.10"]
[SourceQuality "1"]

1. e4 c6 2. Nf3 d5 3. exd5 cxd5 4. d4 Bg4 5. Be2 Nc6 6. Be3 e6 7. a3 Bd6 8. Nbd2 Nf6 9. Nb3 Qc7 10. h3 Bh5 11. Bd3 0-0 12. g4 Bg6 13. Bxg6 fxg6 14. Qe2 Rae8 15. 0-0-0 Bf4 16. Kb1 b6 17. Rhf1 Ne4 18. Nfd2 Bxe3 19. Qxe3 Rf4 20. Nxe4 Rxe4 21. Qc3 Qd6 22. Rde1 Rf4 23. Re3 a5 24. a4 Nb4 25. Qd2 Qd7 26. c3 Na6 27. Qe2 Nc7 28. c4 Qxa4 29. cxd5 Nxd5 30. Rf3 Rxf3 31. Qxf3 Nb4 32. Kc1 Qc6+ 33. Qxc6 Nxc6 34. Rd1 Rd8 35. Kc2 a4 36. Nd2 Nxd4+ 37. Kc1 Nb3+ 38. Nxb3 Rxd1+ 39. Kxd1 axb3 40. Kd2 Kf7 41. g5 e5 42. Kc3 Ke6 43. Kxb3 Kd5 44. Kc3 Ke4 45. Kc4 Kf3 46. Kd5 e4 47. b4 Kxf2 48. Kxe4 Kg3 49. Kd5 h6 50. gxh6 gxh6 51. Kc6 g5 52. Kxb6 Kxh3 53. b5 g4 54. Kc6 g3 55. b6 g2 56. b7 g1Q 57. b8Q Qg2+ 58. Kd7 h5 59. Ke6 h4 60. Kf5 Qf3+ 61. Ke6 Kg2 62. Qb2+ Qf2 63. Qg7+ Kh2 64. Qe5+ Qg3 65. Qe2+ Kh3 66. Qf1+ Kh2 67. Qe2+ 1/2-1/2

[Event "Robecchetto Spring op 8th"]
[Site "Robecchetto"]
[Date "2011.05.12"]
[Round "6"]
[White "Turini, Gianluca"]
[Black "Salerno, Christian1111"]
[Result "0-1"]
[WhiteElo "1809"]
[BlackElo "1546"]
[PlyCount "46"]
[EventDate "2011.04.07"]
[EventType "swiss"]
[EventRounds "7"]
[EventCountry "ITA"]
[SourceTitle "EXT 2024"]
[Source "ChessBase"]
[SourceDate "2023.10.10"]
[SourceVersion "1"]
[SourceVersionDate "2023.10.10"]
[SourceQuality "1"]

1. d4 d5 2. c4 c6 3. Nc3 Nf6 4. Nf3 e6 5. Bg5 dxc4 6. e4 b5 7. Be2 Nbd7 8. 0-0 Bb7 9. e5 h6 10. Bh4 g5 11. Nxg5 hxg5 12. Bxg5 Qc7 13. f4 Nh7 14. Bh5 Nxg5 15. fxg5 0-0-0 16. Bxf7 Nxe5 17. Bxe6+ Kb8 18. Rf5 Bc5 19. Qe2 Bxd4+ 20. Kh1 Nd3 21. h3 Rde8 22. g6 Qd6 23. g7 Bxg7 0-1

[Event "Robecchetto Spring op 8th"]
[Site "Robecchetto"]
[Date "2011.04.28"]
[Round "4"]
[White "Turini, Gianluca"]
[Black "Barrera, Pietro"]
[Result "1-0"]
[WhiteElo "1809"]
[BlackElo "1884"]
[PlyCount "81"]
[EventDate "2011.04.07"]
[EventType "swiss"]
[EventRounds "7"]
[EventCountry "ITA"]
[SourceTitle "EXT 2024"]
[Source "ChessBase"]
[SourceDate "2023.10.10"]
[SourceVersion "1"]
[SourceVersionDate "2023.10.10"]
[SourceQuality "1"]

1. d4 g6 2. c4 Bg7 3. Nf3 d6 4. Nc3 a6 5. e4 Nd7 6. Be3 b6 7. Bd3 Bb7 8. 0-0 h5 9. Qc2 c5 10. d5 Ngf6 11. Ng5 0-0 12. f4 Ng4 13. Nd1 Nxe3 14. Nxe3 Bd4 15. Rae1 Bc8 16. Kh1 Qe8 17. a3 Rb8 18. b4 b5 19. cxb5 axb5 20. Qe2 c4 21. Bb1 Ra8 22. Nc2 Bg7 23. Rd1 Nb6 24. f5 Na4 25. Qf3 Nb2 26. Rde1 Nd3 27. Re3 Bh6 28. h4 Ne5 29. Qe2 f6 30. Ne6 Bxe3 31. Qxe3 Bxe6 32. dxe6 Kg7 33. Nd4 Ng4 34. Qc1 g5 35. hxg5 fxg5 36. Qxg5+ Kh7 37. f6 exf6 38. e5+ Kh8 39. exf6 Qe7 40. Qxh5+ Kg8 41. Qxg4+ 1-0

[Event "Robecchetto Spring op 8th"]
[Site "Robecchetto"]
[Date "2011.04.14"]
[Round "2"]
[White "Madaschi, Sergio"]
[Black "Turini, Gianluca"]
[Result "0-1"]
[WhiteElo "1620"]
[BlackElo "1809"]
[PlyCount "64"]
[EventDate "2011.04.07"]
[EventType "swiss"]
[EventRounds "7"]
[EventCountry "ITA"]
[SourceTitle "EXT 2024"]
[Source "ChessBase"]
[SourceDate "2023.10.10"]
[SourceVersion "1"]
[SourceVersionDate "2023.10.10"]
[SourceQuality "1"]

1. e4 e5 2. Nf3 Nc6 3. Bb5 Nf6 4. 0-0 Bc5 5. c3 Qe7 6. Re1 0-0 7. d4 exd4 8. cxd4 Bb4 9. Nc3 Bxc3 10. bxc3 h6 11. Bd3 d6 12. h3 b6 13. Qc2 Bb7 14. Ba3 Qd8 15. Rad1 Re8 16. e5 Nh5 17. Bc1 g5 18. Re2 Ng7 19. Rde1 dxe5 20. Nxe5 Nxe5 21. Rxe5 Rxe5 22. Rxe5 Qd6 23. Qe2 Rd8 24. Be4 f6 25. Qc4+ Kh8 26. Bxb7 fxe5 27. Be3 exd4 28. Bxd4 c5 29. Bxg7+ Kxg7 30. Bf3 Re8 31. g3 Qe6 32. Kg2 Qxc4 0-1

[Event "Robecchetto op 21th Autumn"]
[Site "Robecchetto"]
[Date "2010.11.04"]
[Round "5"]
[White "Turini, Gianluca"]
[Black "Colombo, Maurizio"]
[Result "1-0"]
[WhiteElo "1781"]
[BlackElo "1775"]
[PlyCount "91"]
[EventDate "2010.10.07"]
[EventType "swiss"]
[EventRounds "7"]
[EventCountry "ITA"]
[SourceTitle "EXT 2024"]
[Source "ChessBase"]
[SourceDate "2023.10.10"]
[SourceVersion "1"]
[SourceVersionDate "2023.10.10"]
[SourceQuality "1"]

1. d4 d5 2. c4 c6 3. e3 a6 4. h3 Nf6 5. Nc3 Bf5 6. cxd5 cxd5 7. Qb3 Bc8 8. Nf3 e6 9. Bd3 Nc6 10. 0-0 Bd6 11. a3 0-0 12. Bd2 b5 13. Qc2 Bb7 14. b4 Rc8 15. Qb3 e5 16. Nxd5 Nxd5 17. Qxd5 Na5 18. Qa2 e4 19. bxa5 exf3 20. g3 Bc7 21. Bf5 Rb8 22. Qc2 g6 23. Be4 Bxa5 24. Bxa5 Qxa5 25. Bxb7 Rxb7 26. Qe4 Rc7 27. d5 Rc3 28. Qb4 Qxb4 29. axb4 Rd8 30. Rfd1 Rc4 31. Rxa6 Rxb4 32. d6 Kf8 33. Ra7 Ke8 34. Rd2 Rc4 35. Rb7 b4 36. Kh2 Rc6 37. Rxb4 Rcxd6 38. Rbd4 Rxd4 39. Rxd4 Rxd4 40. exd4 Kd7 41. g4 Kd6 42. Kg3 Kd5 43. Kxf3 Kxd4 44. Kf4 f6 45. h4 h6 46. h5 1-0

[Event "Lombardia Region-ch"]
[Site "Solaro"]
[Date "2010.05.30"]
[Round "5"]
[White "Gonella, Graziano"]
[Black "Turini, Gianluca"]
[Result "0-1"]
[WhiteElo "1281"]
[BlackElo "1764"]
[PlyCount "64"]
[EventDate "2010.05.28"]
[EventType "swiss"]
[EventRounds "5"]
[EventCountry "ITA"]
[SourceTitle "EXT 2024"]
[Source "ChessBase"]
[SourceDate "2023.10.10"]
[SourceVersion "1"]
[SourceVersionDate "2023.10.10"]
[SourceQuality "1"]

1. e4 c5 2. Nf3 d6 3. d4 cxd4 4. Nxd4 Nf6 5. Nc3 a6 6. Bc4 e6 7. 0-0 Be7 8. Bg5 h6 9. Bxf6 Bxf6 10. Re1 0-0 11. Qf3 Bxd4 12. Rad1 Nc6 13. Be2 Be5 14. Bf1 b5 15. Rd3 Qb6 16. a3 Bb7 17. Qh3 Ne7 18. Rf3 Ng6 19. Qg4 Rac8 20. Ree3 Bd4 21. Rd3 Ne5 22. Qf4 Nxf3+ 23. Rxf3 Rc5 24. Rh3 Rg5 25. Qd2 f5 26. Qe2 fxe4 27. Nxe4 Bxe4 28. c3 Bxf2+ 29. Kh1 d5 30. a4 bxa4 31. Qxa6 Qxa6 32. Bxa6 Bxg2# 0-1

[Event "Lombardia Region-ch"]
[Site "Solaro"]
[Date "2010.05.28"]
[Round "1"]
[White "Astengo, Corrado"]
[Black "Turini, Gianluca"]
[Result "1/2-1/2"]
[WhiteElo "2163"]
[BlackElo "1764"]
[PlyCount "46"]
[EventDate "2010.05.28"]
[EventType "swiss"]
[EventRounds "5"]
[EventCountry "ITA"]
[SourceTitle "EXT 2024"]
[Source "ChessBase"]
[SourceDate "2023.10.10"]
[SourceVersion "1"]
[SourceVersionDate "2023.10.10"]
[SourceQuality "1"]

1. e4 c6 2. d4 d5 3. Nd2 dxe4 4. Nxe4 Bf5 5. Ng3 Bg6 6. Bc4 e6 7. Nh3 Bd6 8. Nf4 Nf6 9. h4 Bxf4 10. Bxf4 h6 11. Qe2 Qxd4 12. Be5 Qd8 13. Rd1 Nbd7 14. h5 Bh7 15. Bd6 Ng8 16. Bxe6 fxe6 17. Qxe6+ Ne7 18. 0-0 Rf8 19. Rfe1 Rf7 20. Rd2 Nf6 21. Bb4 Qc7 22. Bd6 Qd8 23. Bb4 Qc7 1/2-1/2